LAND AND WATER RESOURCES MANAGEMENT / (Record no. 593765)

000 -LEADER
fixed length control field 00383nam a22001457a 4500
020 ## - INTERNATIONAL STANDARD BOOK NUMBER
Qualifying information HB.
040 ## - CATALOGING SOURCE
Transcribing agency FIZZA ISHAQ
082 ## - DEWEY DECIMAL CLASSIFICATION NUMBER
Classification number 333.7
Author Mark PRO
100 ## - MAIN ENTRY--PERSONAL NAME
Personal name HUSSAIN,GHULAM.
9 (RLIN) 110385
245 ## - TITLE STATEMENT
Title LAND AND WATER RESOURCES MANAGEMENT /
Statement of responsibility, etc. PROF.GHULAM HUSSAIN WAGAN.
250 ## - EDITION STATEMENT
Edition statement 1ST ED.
260 ## - PUBLICATION, DISTRIBUTION, ETC.
Place of publication, distribution, etc. PARAMOUNT
Name of publisher, distributor, etc. PARAMOUNT PUBLISHING,
Date of publication, distribution, etc. 2013.
300 ## - PHYSICAL DESCRIPTION
Extent 417 P. ;
942 ## - ADDED ENTRY ELEMENTS (KOHA)
Source of classification or shelving scheme
Koha item type Book
Holdings
Withdrawn status Lost status Source of classification or shelving scheme Damaged status Not for loan Permanent Location Current Location Date acquired Total Checkouts Full call number Barcode Date last seen Price effective from Koha item type
          NUST Baluchistan Campus (NBC) NUST Baluchistan Campus (NBC) 03/16/2023   333.7 PRO Q-6394 03/16/2023 03/16/2023 Book
© 2023 Central Library, National University of Sciences and Technology. All Rights Reserved.